000 00660nam a22002297a 4500
003 UA-OsUOA
001 53393
007 ta
008 20080401b un ||||| |||| 00| 0 ukr d
090 _a323(477)
_bТ33
942 _cBK
040 _aUA-OsUOA
_bukr
_cUA-OsUOA
_dUA-OsUOA
245 _aТеорія і практика політичного аналізу і прогнозування
_bЗбірник науково-експертних матеріалів
300 _a94 с.
955 _a2
041 _aukr
080 _a323(477)
020 _a966-554-113-7
260 _aК.
_c2007
650 7 _a32 Політика
_2UDC
999 _c339479
_d339479